| 000 | 00000nam##2200000za#4500 |
| 001 | 9.697586 |
| 003 | CaOODSP |
| 005 | 20250506145324 |
| 007 | cr ||||||||||| |
| 008 | 150407|1975||||xxc|||||o f|0| 0 eng|d |
| 040 | |aCaOODSP|beng |
| 043 | |an-cn--- |
| 086 | 1 |aA73-1474/1975E-PDF |
| 110 | 1 |aCanada.|bAgriculture Canada. |
| 245 | 10|aEstimating costs of swine production / |h[electronic resource]|ceditorial committee: James Lovering and David MacMinn. |
| 250 | |aRevised 1975 |
| 260 | |aOttawa - Ontario : |bAgriculture Canada |cPrinted 1972. |
| 300 | |a28p.|btables |
| 500 | |aHistorical publication digitized by Agriculture and Agri-Food Canada. "A federal/provincial publication. Canada/New Brunswick, Newfoundland, Novia Scotia [and] Prince Edward Island"--p. 3 of 28. |
| 590 | |a13-17-Supp|b2013-07-25 |
| 690 | 07|aAgricultural economics|2gcpds |
| 690 | 07|aHogs|2gcpds |
| 775 | 08|tEstimation des frais de la production porcine / |w(CaOODSP)9.641626 |
| 856 | 40|ahttp://publications.gc.ca|qPDF|s1.25 MB|uhttps://publications.gc.ca/collections/collection_2013/aac-aafc/agrhist/A73-1474-1975-eng.pdf |
| 986 | |a1474 |